000 00594nam a22001815i 4500
001 164241
003 ES-MaACL
005 20230906212911.0
008 010522s1885 it |||| | ita d
040 _aCCPB | B
_bspa
_cCCPB | B
100 1 _aSabbatini, Pio.
_9132255
245 1 0 _aDella tutela administrativa
_b: studio dell'avocatti /
_cPio Sabbatini.
260 _aModena :
_b[s.n.],
_c1885 (
_fTipografia Legale)
300 _aIII, 300 p. ;
_c23 cm.
650 4 _aDerecho administrativo-
_zItalia.
_9162054
752 _aItalia -
_dMódena
852 _aES-MaACL
_jF-10223
_z-- Enc. pasta
999 _c164241
_d164241